00548nam a2200193 a 4500001001300000003000900013005001700022008004100039020001000080082001800090100002900108245006200137260003300199300001000232500003500242505003300277650001500310700002900325nice12345678IN_TiNIC20260116013345.0050524s1987 dela grp 000 0 eng  ac17500a297.0954bSID aSiddiqui, Iqtidar Husain aIslam and Muslims in South Asiab Historical Perspective. aDelhibAdam Publishersc1987 a201p. aincludes index and biblioraphy2 aSelected Bibliography, Index aIslam-Asia1 aSiddiqui, Iqtidar Husain